[Event "SR 3. liga A2 2005/2006"]
[Site "?"]
[Date "2005.??.??"]
[Round "?"]
[White "Csiba, Dominik"]
[Black "Slamka, Michal"]
[Result "1-0"]
[WhiteElo "1800"]
[BlackElo "1630"]
[Annotator " 20.7"]
[PlyCount "82"]
[EventDate "2005.??.??"]

1. f4 d5 2. Nf3 c5 3. e3 Nc6 4. b3 Bf5 5. Bb2 e6 6. Bb5 Nf6 7. Ne5 Qc7 8. O-O
h5 9. c4 Bxb1 10. Rxb1 O-O-O 11. Nxc6 bxc6 12. Ba6+ Kd7 13. cxd5 exd5 14. Qc2
Rh6 15. Be5 Bd6 16. Bxd6 Kxd6 17. Rbc1 Qb6 18. Bd3 Re8 19. Rfe1 Ne4 20. Bxe4
Rxe4 21. d3 Re7 22. Kh1 Rhe6 23. e4 f6 24. a3 a5 25. Rb1 g5 26. f5 Re5 27. Rb2
Rxf5 28. Qd1 Rfe5 29. Qf3 f5 30. Qxh5 fxe4 31. dxe4 c4 32. Qh6+ Kc7 33. Qh3
Rxe4 34. Rxe4 Rxe4 35. Qg3+ Kd7 36. Qh3+ Kd6 37. Qh6+ Kd7 38. Qg7+ Re7 39. Qc3
Qe3 40. Qxe3 Rxe3 41. Kg1 Rxb3 1-0

[Event "SR 3. liga A2 2005/2006"]
[Site "?"]
[Date "2005.??.??"]
[Round "?"]
[White "Racik, Marek"]
[Black "Csiba, Peter"]
[Result "0-1"]
[WhiteElo "1795"]
[BlackElo "1705"]
[Annotator " 20.8"]
[PlyCount "66"]
[EventDate "2005.??.??"]

1. Nf3 d5 2. c4 c6 3. b3 e6 4. Bb2 Nf6 5. g3 Nbd7 6. d4 Be7 7. Bg2 O-O 8. O-O
b6 9. Nc3 Ba6 10. Nd2 Rc8 11. e4 Nb8 12. e5 Nfd7 13. Re1 Qc7 14. Rc1 Qb7 15.
Qg4 Rfd8 16. Ne2 Bb4 17. Red1 Nf8 18. Nf4 Ng6 19. Nh5 Qd7 20. Nf3 Bb7 21. Bc3
Be7 22. Bd2 c5 23. Bg5 Nc6 24. Bxe7 Ncxe7 25. Bh3 dxc4 26. Ng5 Qc6 27. f3 Nf5
28. Nf6+ gxf6 29. exf6 h6 30. d5 Rxd5 31. Rxd5 Qxd5 32. Qh5 Qd4+ 33. Kf1 Qxf6
0-1

[Event "SR 3. liga A2 2005/2006"]
[Site "?"]
[Date "2005.??.??"]
[Round "?"]
[White "Pobjecky, Ivan"]
[Black "Vach, Pavol"]
[Result "1/2-1/2"]
[WhiteElo "2025"]
[BlackElo "2165"]
[Annotator " 21.1"]
[PlyCount "118"]
[EventDate "2005.??.??"]

1. e4 e5 2. Nf3 Nf6 3. Nxe5 d6 4. Nf3 Nxe4 5. Qe2 Qe7 6. d3 Nf6 7. Bg5 Qxe2+ 8.
Bxe2 Be7 9. Nc3 c6 10. O-O-O O-O 11. h3 b5 12. Rhe1 Re8 13. Bf1 Bd7 14. Ne4 Na6
15. Nxf6+ gxf6 16. Bh6 Nc7 17. d4 d5 18. Bd3 Ne6 19. Bf5 Bf8 20. Bxf8 Nxf8 21.
Bxd7 Nxd7 22. Nh4 Re6 23. Nf5 Rae8 24. Kd2 Kf8 25. Re3 Rxe3 26. fxe3 Nb6 27. b3
Nc8 28. Kd3 Re6 29. Rf1 Ne7 30. Nxe7 Kxe7 31. Rf4 Kf8 32. e4 dxe4+ 33. Rxe4 h6
34. c4 Ke7 35. a4 bxc4+ 36. bxc4 a5 37. Re2 f5 38. Rf2 Rf6 39. Re2+ Re6 40. Rf2
Rg6 41. Rxf5 Rxg2 42. Rxa5 Rg3+ 43. Ke4 Rxh3 44. Ra7+ Ke6 45. d5+ cxd5+ 46.
cxd5+ Kd6 47. Ra6+ Ke7 48. a5 Rh4+ 49. Ke5 Rh5+ 50. Kd4 Rh1 51. Rc6 h5 52. a6
h4 53. Rc7+ Kd6 54. a7 Ra1 55. Rxf7 Ra4+ 56. Ke3 Kxd5 57. Rh7 h3 58. Kf3 Kc6
59. Kg3 Kb6 1/2-1/2

[Event "SR 3. liga A2 2005/2006"]
[Site "?"]
[Date "2005.??.??"]
[Round "?"]
[White "Palka, M."]
[Black "Gono, Pavol"]
[Result "1-0"]
[WhiteElo "2045"]
[BlackElo "1995"]
[Annotator " 21.2"]
[PlyCount "55"]
[EventDate "2005.??.??"]

1. c4 c6 2. Nc3 d5 3. d4 Nf6 4. Bf4 dxc4 5. e3 Bf5 6. Bxc4 e6 7. h3 Nbd7 8. Nf3
Be7 9. O-O Ne4 10. Bd3 Nxc3 11. bxc3 Bxd3 12. Qxd3 Qa5 13. Rab1 b6 14. c4 Rc8
15. Rfd1 g5 16. Bh2 h5 17. Ne5 Nxe5 18. Bxe5 Rh6 19. e4 f6 20. Bh2 f5 21. Be5
fxe4 22. Qxe4 Bf6 23. d5 cxd5 24. cxd5 Rd8 25. Bc7 Be7 26. Bxd8 Bxd8 27. dxe6
Qxa2 28. Qc6+ 1-0

[Event "SR 3. liga A2 2005/2006"]
[Site "?"]
[Date "2005.??.??"]
[Round "?"]
[White "Zisek, Jaroslav"]
[Black "Slaby, Jozef"]
[Result "1/2-1/2"]
[WhiteElo "1940"]
[BlackElo "1750"]
[Annotator " 21.4"]
[PlyCount "67"]
[EventDate "2005.??.??"]

1. c4 Nf6 2. Nc3 e6 3. e4 d6 4. d4 Be7 5. Nf3 O-O 6. Bd3 Nc6 7. O-O e5 8. d5
Nb4 9. Be2 Na6 10. h3 Bd7 11. Be3 Rc8 12. a3 c6 13. Rc1 b6 14. b4 c5 15. b5 Nc7
$11 16. Nh2 Nfe8 17. Bg4 f5 18. Bxf5 Bxf5 19. exf5 Rxf5 20. Ne4 Rf7 21. Qd3 Qd7
22. Ng3 Nf6 23. f4 Nce8 24. Nf3 e4 25. Nxe4 Nxe4 26. Qxe4 Nf6 27. Qd3 Nh5 28.
Nd2 Rcf8 29. g4 Nxf4 30. Bxf4 Rxf4 31. Rxf4 Rxf4 32. Rf1 Bg5 33. Rxf4 Bxf4 34.
Ne4 $11 1/2-1/2

[Event "SR 3. liga A2 2005/2006"]
[Site "?"]
[Date "2005.??.??"]
[Round "?"]
[White "Curidlo, Jan"]
[Black "Fidericky, Milan"]
[Result "1/2-1/2"]
[WhiteElo "2070"]
[BlackElo "1905"]
[Annotator " 21.3"]
[PlyCount "72"]
[EventDate "2005.??.??"]

1. e4 e5 2. Nf3 Nf6 3. Nc3 Nc6 4. Bc4 Bc5 5. d3 d6 6. h3 Be6 7. Nd5 O-O 8. Bg5
Bxd5 9. Bxd5 h6 10. Bxf6 Qxf6 11. c3 Rab8 12. a4 a5 13. O-O Ne7 14. Bc4 Ng6 15.
Nh2 Nf4 16. Kh1 h5 17. Qf3 Qh6 18. Rad1 Ne6 19. g3 Rbd8 20. Qg2 g5 21. Nf3 Qg7
22. Rfe1 c6 23. Ba2 Qf6 24. Re2 Kh8 25. Nh2 Rg8 26. Qf3 Qg6 27. Qf5 Rdf8 28.
Rf1 Qh6 29. Qf3 Rg6 30. Qg2 Qg7 31. Bxe6 fxe6 32. f3 Qf7 33. Rd1 Qg7 34. Red2
Be3 35. Re2 Bc5 36. Red2 Be3 1/2-1/2

[Event "SR 3. liga A2 2005/2006"]
[Site "?"]
[Date "2005.??.??"]
[Round "?"]
[White "Bincik, Pavol"]
[Black "Sebesta, Radovan"]
[Result "1/2-1/2"]
[WhiteElo "1805"]
[BlackElo "1845"]
[Annotator " 21.5"]
[PlyCount "29"]
[EventDate "2005.??.??"]

1. d4 Nf6 2. c4 e6 3. Nf3 Bb4+ 4. Bd2 Bxd2+ 5. Nbxd2 d5 6. e3 O-O 7. Be2 c6 8.
O-O Nbd7 9. b4 Qe7 10. b5 c5 11. Qb3 b6 12. a4 a5 13. Ne5 Bb7 14. f4 Rac8 15.
Bf3 1/2-1/2

[Event "SR 3. liga A2 2005/2006"]
[Site "?"]
[Date "2005.??.??"]
[Round "?"]
[White "Havlicek, Peter"]
[Black "Orvisky, Vladimir"]
[Result "1-0"]
[WhiteElo "1705"]
[BlackElo "1875"]
[Annotator " 21.6"]
[PlyCount "75"]
[EventDate "2005.??.??"]

1. e4 Nf6 2. Nc3 d5 3. e5 d4 4. Nb5 Ne4 5. Nf3 Nc6 6. d3 Nc5 7. Bf4 a6 8. Na3
e6 9. Be2 Qd5 10. Nc4 b5 11. Ncd2 Nd7 12. O-O Bb7 13. Ne4 Ndxe5 14. Ng3 Bd6 15.
Nxe5 Nxe5 16. Ne4 Be7 17. Bxe5 Qxe5 18. f4 Qf5 19. Ng3 Qf6 20. Bf3 Bxf3 21.
Qxf3 O-O 22. Ne4 Qg6 23. Rae1 f5 24. Ng5 Rf6 25. Qxa8+ Bf8 26. Qc8 e5 27. Rxe5
h6 28. Ne6 Qg4 29. Nxf8 Rxf8 30. Re8 Rxe8 31. Qxe8+ Kh7 32. Rf3 c5 33. h3 Qh4
34. Qe5 g6 35. Rf1 Qg3 36. Re1 g5 37. Qe7+ Kg6 38. Qe8+ 1-0

[Event "SR 3. liga A2 2005/2006"]
[Site "?"]
[Date "2005.??.??"]
[Round "?"]
[White "Gubis, Vladimir"]
[Black "Beran, Jan"]
[Result "1-0"]
[WhiteElo "1810"]
[BlackElo "1695"]
[Annotator " 21.7"]
[PlyCount "73"]
[EventDate "2005.??.??"]

1. d4 d5 2. c4 e6 3. Nc3 Nf6 4. Bg5 Be7 5. e3 O-O 6. Bd3 c6 7. Nf3 Nbd7 8. O-O
Re8 9. h3 h6 10. Bf4 dxc4 11. Bxc4 Nd5 12. Bg3 N7b6 13. Bb3 Nxc3 14. bxc3 Nd5
15. Rc1 Nf6 16. Qe2 Nd7 17. e4 Nf8 18. Rcd1 Bd6 19. e5 Be7 20. Nd2 a5 21. a4
Rb8 22. Ne4 Bd7 23. Nc5 b5 24. f4 Qb6 25. Nxd7 Nxd7 26. f5 Nf8 27. f6 Ba3 28.
Qh5 Ng6 29. Bc2 Qc7 30. Qg4 Rf8 31. h4 gxf6 32. exf6 Bd6 33. Bxd6 Qxd6 34. h5
Qd5 35. hxg6 Qg5 36. Qe2 Rbe8 37. g7 1-0

[Event "SR 3. liga A2 2005/2006"]
[Site "?"]
[Date "2005.??.??"]
[Round "?"]
[White "Palka, Martin"]
[Black "Gono, Michal"]
[Result "1-0"]
[WhiteElo "1655"]
[BlackElo "1620"]
[Annotator " 21.8"]
[PlyCount "57"]
[EventDate "2005.??.??"]

1. e4 c6 2. d4 d5 3. e5 Bf5 4. g4 Bg6 5. h4 h6 6. Nc3 e6 7. Nge2 c5 8. Nf4 Bh7
9. Be3 Nc6 10. Nfe2 cxd4 11. Bxd4 Nxd4 12. Nxd4 a6 13. Bd3 Bxd3 14. Qxd3 Qb6
15. O-O-O Bb4 16. Nce2 Rc8 17. Kb1 Ne7 18. f4 Nc6 19. Nxc6 bxc6 20. f5 exf5 21.
Qxf5 Rb8 22. e6 Rf8 23. Rhf1 Rb7 24. exf7+ Rfxf7 25. Qc8+ Qd8 26. Qxc6+ Qd7 27.
Qxa6 Re7 28. Qa8+ Qd8 29. Rf8+ 1-0

[Event "SR 3. liga A2 2005/2006"]
[Site "?"]
[Date "2005.??.??"]
[Round "?"]
[White "Blatnicky, Miroslav"]
[Black "Hecko, Dusan"]
[Result "1-0"]
[WhiteElo "2110"]
[BlackElo "2120"]
[Annotator " 22.1"]
[PlyCount "127"]
[EventDate "2005.??.??"]

1. e4 c6 2. d4 d5 3. Nc3 dxe4 4. Nxe4 Bf5 5. Ng3 Bg6 6. h4 h6 7. Nf3 Nd7 8. Bd3
Bxd3 9. Qxd3 Qc7 10. Be3 Ngf6 11. O-O-O e6 12. Rhe1 Bd6 13. Ne2 Ng4 14. g3 Nxe3
15. Qxe3 O-O-O 16. Nc3 Kb8 17. Ne5 Nf6 18. f4 Rhf8 19. a3 h5 20. Qf3 g6 21. Ne4
Nxe4 22. Qxe4 Be7 23. Re3 Qd6 24. Rb3 Rc8 25. c4 Rc7 26. Kb1 Bf6 27. Rbd3 Qe7
28. d5 exd5 29. cxd5 Bxe5 30. fxe5 cxd5 31. Rxd5 Re8 32. Qa4 Rec8 33. Qb5 a6
34. Qb3 Qe6 35. Ka2 Rc5 36. Rxc5 Qxb3+ 37. Kxb3 Rxc5 38. Rd8+ Kc7 39. Rf8 Rxe5
40. Rxf7+ Kd6 41. Rxb7 Re3+ 42. Kc4 Rxg3 43. Rb6+ Ke5 44. Rxa6 Rg4+ 45. Kc3 Kf5
46. b4 Rxh4 47. b5 Rh1 48. b6 Rb1 49. Kc2 Rb5 50. a4 Rb4 51. Ra5+ Ke6 52. Ra6
Kd5 53. a5 h4 54. Ra7 Kc6 55. Kc3 Rb5 56. Kc4 Rb1 57. Rc7+ Kd6 58. Rg7 Rc1+ 59.
Kb5 h3 60. Rxg6+ Kd5 61. Rh6 Rb1+ 62. Ka6 Rb3 63. Ka7 Kc5 64. a6 1-0

[Event "SR 3. liga A2 2005/2006"]
[Site "?"]
[Date "2005.??.??"]
[Round "?"]
[White "Diviak, R."]
[Black "Smrek, Peter"]
[Result "1-0"]
[WhiteElo "1945"]
[BlackElo "1965"]
[Annotator " 22.2"]
[PlyCount "69"]
[EventDate "2005.??.??"]

1. e4 e5 2. Nf3 Nf6 3. Nxe5 d6 4. Nf3 Nxe4 5. d4 d5 6. Bd3 Be7 7. O-O O-O 8.
Re1 Bf5 9. c4 Bb4 10. Re2 c6 11. Qb3 dxc4 12. Bxc4 Qb6 13. Bf4 Nd7 14. Nh4 Qxd4
15. Nxf5 Qf6 16. Qxb4 Qxf5 17. Rxe4 Nf6 18. Re1 Rae8 19. Na3 b5 20. Bb3 a5 21.
Qd2 Rd8 22. Qc1 Rd4 23. Be5 Rg4 24. Bc2 Qf3 25. g3 Ne4 26. Bxe4 Rxe4 27. Rxe4
Qxe4 28. Qe3 Qf5 29. Bd6 Rc8 30. Re1 h6 31. Qf4 Qd5 32. Qg4 Rd8 33. Be5 g6 34.
Bf6 Ra8 35. Qe4 1-0

[Event "SR 3. liga A2 2005/2006"]
[Site "?"]
[Date "2005.??.??"]
[Round "?"]
[White "Lanyi, Frantisek"]
[Black "Pagerka, Martin"]
[Result "1/2-1/2"]
[WhiteElo "1625"]
[BlackElo "1855"]
[Annotator " 22.3"]
[PlyCount "79"]
[EventDate "2005.??.??"]

1. e4 c5 2. Nf3 Nc6 3. d4 cxd4 4. Nxd4 g6 5. Nxc6 bxc6 6. Bd3 Bg7 7. c3 Nf6 8.
O-O O-O 9. h3 d5 10. Qc2 Qc7 11. Be3 e5 12. Nd2 Be6 13. Rae1 Rfe8 14. b3 Rad8
15. Nf3 dxe4 16. Bxe4 Nxe4 17. Qxe4 Bf5 18. Qa4 Bd3 19. Qxa7 Qxa7 20. Bxa7 Bxf1
21. Rxf1 Ra8 22. Bc5 Rxa2 23. Rd1 e4 24. Nd4 Rd8 25. Re1 Bxd4 26. Bxd4 f5 27.
g3 Rda8 28. h4 Ra1 29. Kf1 Rxe1+ 30. Kxe1 Kf7 31. Ke2 Ke6 32. Ke3 Ra1 33. Kf4
Rh1 34. Kg5 Kf7 35. Kf4 Rc1 36. b4 Ke6 37. Kg5 Kf7 38. Kh6 Kg8 39. Kg5 Kf7 40.
Kh6 1/2-1/2

[Event "SR 3. liga A2 2005/2006"]
[Site "?"]
[Date "2005.??.??"]
[Round "?"]
[White "Karlik, L."]
[Black "Lajda, Dusan"]
[Result "1-0"]
[WhiteElo "1850"]
[BlackElo "1715"]
[Annotator " 22.4"]
[PlyCount "55"]
[EventDate "2005.??.??"]

1. d4 d5 2. Nf3 g6 3. Bf4 Bg7 4. e3 Nf6 5. c4 O-O 6. Nc3 c6 7. Be2 a6 8. b4
dxc4 9. Bxc4 Nd5 10. Bxd5 cxd5 11. Qb3 e6 12. O-O Bd7 13. a4 Nc6 14. Rfc1 Re8
15. Ne5 Bxe5 16. dxe5 h5 17. h3 Kg7 18. e4 Qh4 19. Bg3 Qe7 20. b5 axb5 21. Nxb5
Na5 22. Qd3 Bxb5 23. axb5 dxe4 24. Qxe4 Nb3 25. Rxa8 Rxa8 26. Rd1 Ra1 27. Rxa1
Nxa1 28. Qa4 1-0

[Event "SR 3. liga A2 2005/2006"]
[Site "?"]
[Date "2005.??.??"]
[Round "?"]
[White "Podjavorinsky, Peter"]
[Black "Fedor, Miroslav"]
[Result "1/2-1/2"]
[WhiteElo "1700"]
[BlackElo "1795"]
[Annotator " 22.5"]
[PlyCount "127"]
[EventDate "2005.??.??"]

1. e4 c5 2. Nf3 d6 3. d4 cxd4 4. Nxd4 Nf6 5. Nc3 g6 6. Be2 Bg7 7. Be3 Nbd7 8.
Qd2 a6 9. a4 O-O 10. O-O Nc5 11. f3 Bd7 12. Bc4 Qc8 13. Ba2 Rd8 14. Bg5 Ne6 15.
Nxe6 Bxe6 16. Bxe6 Qxe6 17. Rab1 Rac8 18. b3 Qe5 19. Bxf6 Bxf6 20. Nd5 Qd4+ 21.
Qxd4 Bxd4+ 22. Kh1 Kf8 23. c4 e6 24. Nf4 Be3 25. Nd3 d5 26. exd5 exd5 27. cxd5
Rxd5 28. Rfd1 Rcd8 29. Nb2 b5 30. axb5 axb5 31. Rxd5 Rxd5 32. Rd1 Rxd1+ 33.
Nxd1 Bd4 34. g4 Ke7 35. Kg2 Kd6 36. Kf1 Kc5 37. Ke2 Kb4 38. Kd3 Be5 39. Kc2
Bxh2 40. Nc3 h5 41. gxh5 gxh5 42. Ne4 Be5 43. Nf2 Kc5 44. Kd3 Kd5 45. Nh3 f5
46. Ng5 Bg3 47. Ke3 Bh4 48. Nh3 Ke5 49. Kd3 Be7 50. Ke3 h4 51. Kd3 Bc5 52. Kc3
Be3 53. Kd3 Bh6 54. Kc3 Kd5 55. Kd3 b4 56. Nf2 Bc1 57. Nh3 Ke5 58. Kc4 Bd2 59.
Kd3 Bh6 60. Kc4 Bf8 61. Kd3 Kd5 62. Nf4+ Kc6 63. Kc4 Bd6 64. Nh3 1/2-1/2

[Event "SR 3. liga A2 2005/2006"]
[Site "?"]
[Date "2005.??.??"]
[Round "?"]
[White "Janko, Ladislav"]
[Black "Hrubsa, Vladimir"]
[Result "1-0"]
[WhiteElo "2215"]
[BlackElo "2055"]
[Annotator " 23.1"]
[PlyCount "62"]
[EventDate "2005.??.??"]

1. e4 e5 2. Nf3 Nc6 3. Bb5 a6 4. Ba4 Nf6 5. d3 b5 6. Bb3 Bb4+ 7. c3 Be7 8. Bd5
Bd6 9. d4 Qe7 10. O-O O-O 11. Bg5 h6 12. Bh4 Rb8 13. Re1 Na5 14. dxe5 Bxe5 15.
Nxe5 Qxe5 16. Bg3 Qg5 17. Bxc7 Bb7 18. Bxa5 Nxd5 19. exd5 Bxd5 20. f3 Rfe8 21.
Nd2 Rxe1+ 22. Qxe1 Rc8 23. Ne4 Qf4 24. Rd1 Be6 25. Rd4 Qe5 26. Qd2 d5 27. Ng3
Re8 28. f4 Qf6 29. f5 Bxf5 30. Rf4 g6 31. Nxf5 gxf5 1-0

[Event "SR 3. liga A2 2005/2006"]
[Site "?"]
[Date "2005.??.??"]
[Round "?"]
[White "Vepy, Ivan"]
[Black "Sulek, Viliam"]
[Result "0-1"]
[WhiteElo "1925"]
[BlackElo "2165"]
[Annotator " 23.2"]
[PlyCount "104"]
[EventDate "2005.??.??"]

1. e4 c5 2. Nf3 Nc6 3. d4 cxd4 4. Nxd4 Nf6 5. Nc3 d6 6. Be2 e5 7. Nxc6 bxc6 8.
Bg5 Be7 9. Qd2 Be6 10. Rd1 Qb6 11. b3 Rd8 12. O-O O-O 13. Kh1 d5 14. exd5 cxd5
15. Qd3 Rd7 16. Qg3 e4 17. f4 exf3 18. Rxf3 Ne4 19. Nxe4 dxe4 20. Rff1 Bxg5 21.
Qxg5 Rxd1 22. Bxd1 Qa6 23. Re1 Qd6 24. h3 f5 25. Be2 h6 26. Qe3 Rf6 27. Bh5 a5
28. Rd1 Qe5 29. Be2 Rg6 30. Qd4 Qg3 31. Rg1 Kh7 32. Bc4 Bxc4 33. Qxc4 e3 34.
Qe2 f4 35. Rf1 Rd6 36. Qc4 Rf6 37. Qe4+ Kg8 38. Rd1 Rf8 39. Qe6+ Kh7 40. Qe4+
Qg6 41. Qxg6+ Kxg6 42. Kg1 Re8 43. c4 Kf5 44. a3 Rb8 45. Rb1 Ke4 46. Kf1 g5 47.
Ke2 h5 48. b4 g4 49. hxg4 hxg4 50. c5 f3+ 51. gxf3+ gxf3+ 52. Ke1 Rh8 0-1

[Event "SR 3. liga A2 2005/2006"]
[Site "?"]
[Date "2005.??.??"]
[Round "?"]
[White "Puobis, Jozef"]
[Black "Londin, Martin"]
[Result "1-0"]
[WhiteElo "2035"]
[BlackElo "1915"]
[Annotator " 23.3"]
[PlyCount "105"]
[EventDate "2005.??.??"]

1. e4 e5 2. Nf3 Nc6 3. d4 exd4 4. Bc4 d6 5. O-O Ne5 6. Nxe5 dxe5 7. f4 exf4 8.
Bxf4 Be6 9. Bxe6 fxe6 10. Qh5+ Kd7 11. Nd2 Kc8 12. Bg5 Be7 13. Bxe7 Nxe7 14.
Qf7 b6 15. Qxe6+ Kb7 16. Rf7 Nc6 17. Rxg7 Rf8 18. Nf3 Rf6 19. Qg4 Qd6 20. Rd1
Qc5 21. h3 d3+ 22. Kh2 dxc2 23. Rxc7+ Ka6 24. Rc1 Rd8 25. e5 Rxf3 26. Qa4+ Qa5
27. Qxa5+ Kxa5 28. Rxc6 Re3 29. e6 Rd2 30. R1xc2 Rd1 31. Rc7 h5 32. Rxa7+ Kb5
33. Rh7 Rxe6 34. Rxh5+ Ka6 35. Rh4 Ra1 36. a3 Rf1 37. Rg4 Rfe1 38. Rg3 Rd1 39.
Rgc3 Kb5 40. b3 Rb1 41. Rf2 Ka6 42. g4 b5 43. g5 Re5 44. h4 Ree1 45. Kg3 Ra1
46. b4 Rg1+ 47. Rg2 Rge1 48. g6 Rad1 49. g7 Re8 50. Kh2 Rg8 51. Rf3 Kb6 52.
Rf6+ Kc7 53. h5 1-0

[Event "SR 3. liga A2 2005/2006"]
[Site "?"]
[Date "2005.??.??"]
[Round "?"]
[White "Pagac, Robert"]
[Black "Kosar, Mikulas ml"]
[Result "1-0"]
[WhiteElo "1805"]
[BlackElo "1965"]
[Annotator " 23.4"]
[PlyCount "49"]
[EventDate "2005.??.??"]

1. e4 e5 2. Nf3 Nc6 3. Bc4 Be7 4. d3 d6 5. h3 Na5 6. Bb3 Nxb3 7. axb3 h6 8. Nc3
c6 9. O-O Nf6 10. Ne2 Be6 11. Ng3 Qd7 12. Be3 a6 13. d4 exd4 14. Bxd4 O-O 15.
Re1 c5 16. Bc3 Qc7 17. Qd2 Rfd8 18. Nf5 Bxf5 19. exf5 Rd7 20. Rad1 Qc6 21. Rxe7
Rxe7 22. Bxf6 gxf6 23. Qxh6 d5 24. Ng5 fxg5 25. f6 1-0

[Event "SR 3. liga A2 2005/2006"]
[Site "?"]
[Date "2005.??.??"]
[Round "?"]
[White "Kubica, Adrian"]
[Black "Hrubsa, Marian"]
[Result "1/2-1/2"]
[WhiteElo "1945"]
[BlackElo "1725"]
[Annotator " 23.5"]
[PlyCount "24"]
[EventDate "2005.??.??"]

1. e4 e6 2. Nf3 d5 3. Nc3 Nf6 4. e5 Nfd7 5. d4 c5 6. Be3 Nc6 7. Bb5 Qb6 8. dxc5
Bxc5 9. Bxc5 Qxc5 10. Bxc6 bxc6 11. O-O O-O 12. Qd3 Qe7 $11 1/2-1/2

[Event "SR 3. liga A2 2005/2006"]
[Site "?"]
[Date "2005.??.??"]
[Round "?"]
[White "Baumgartner, Milan"]
[Black "Bott, Tamas"]
[Result "1-0"]
[WhiteElo "1675"]
[BlackElo "1930"]
[Annotator " 23.6"]
[PlyCount "41"]
[EventDate "2005.??.??"]

1. c4 Nf6 2. Nc3 d5 3. cxd5 Nxd5 4. e4 Nb6 5. d4 e6 6. Be3 Bb4 7. Bd3 Nc6 8.
Nge2 O-O 9. O-O f5 10. a3 Be7 11. Qc2 Bf6 12. exf5 exf5 13. Bxf5 Bxf5 14. Qxf5
Bxd4 15. Qe6+ Kh8 16. Rad1 Qf6 17. Nxd4 Nxd4 18. Qxf6 Rxf6 19. Bxd4 Rg6 20.
Bxb6 axb6 21. Rd7 1-0

[Event "SR 3. liga A2 2005/2006"]
[Site "?"]
[Date "2005.??.??"]
[Round "?"]
[White "Kosar, Mikulas"]
[Black "Leska, Marian"]
[Result "1/2-1/2"]
[WhiteElo "2010"]
[BlackElo "1640"]
[Annotator " 23.7"]
[PlyCount "25"]
[EventDate "2005.??.??"]

1. e4 e6 2. d4 d5 3. e5 c5 4. Nf3 Nc6 5. Be2 Qb6 6. c3 Bd7 7. a4 c4 8. Qc2 Nge7
9. O-O Na5 10. Nbd2 Nf5 11. Bd1 Rc8 12. Qb1 h6 13. Qc2 1/2-1/2

[Event "SR 3. liga A2 2005/2006"]
[Site "?"]
[Date "2005.??.??"]
[Round "?"]
[White "Ivan, Imrich ml"]
[Black "Horak, Ivan"]
[Result "1/2-1/2"]
[WhiteElo "2010"]
[BlackElo "2140"]
[Annotator " 24.1"]
[PlyCount "109"]
[EventDate "2005.??.??"]

1. Nf3 d5 2. c4 c6 3. b3 e6 4. Bb2 Nf6 5. e3 Bd6 6. Be2 O-O 7. O-O Nbd7 8. d4
dxc4 9. bxc4 c5 10. Nc3 b6 11. Qb3 Bb7 12. Rad1 cxd4 13. exd4 Rc8 14. Nb5 Bb8
15. Ba3 Re8 16. Bd6 a6 17. Bxb8 axb5 18. Bg3 bxc4 19. Bxc4 Nd5 20. Bb5 Nc3 21.
Rc1 Bd5 22. Qb2 Nxb5 23. Qxb5 Bxa2 24. Bh4 f6 25. Nd2 e5 26. Ra1 Bf7 27. Ra7
Rc7 28. Rxc7 Qxc7 29. Bg3 Qc3 30. Qxd7 Qxd2 31. f3 Qxd4+ 32. Qxd4 exd4 33. Bf2
Bc4 34. Rd1 d3 35. Bxb6 Re2 36. Ba5 Kf7 37. Rd2 Re8 38. Kf2 Ke6 39. Bb6 Kd6 40.
Be3 Bb5 41. Rd1 Ra8 42. Bd2 Ra2 43. Ke3 g5 44. Rb1 Bc4 45. Rb8 f5 46. Rd8+ Ke6
47. g3 f4+ 48. gxf4 gxf4+ 49. Kd4 Rxd2 50. Kxc4 Rxh2 51. Kxd3 Ra2 52. Re8+ Kf5
53. Rf8+ Kg5 54. Rg8+ Kf5 55. Rf8+ 1/2-1/2

[Event "SR 3. liga A2 2005/2006"]
[Site "?"]
[Date "2005.??.??"]
[Round "?"]
[White "Pribila, Michal"]
[Black "Csefalvay, Stefan"]
[Result "1-0"]
[WhiteElo "2010"]
[BlackElo "1925"]
[Annotator " 24.2"]
[PlyCount "119"]
[EventDate "2005.??.??"]

1. e4 e6 2. d4 d5 3. Nd2 dxe4 4. Nxe4 Nd7 5. Nf3 Ngf6 6. Nxf6+ Nxf6 7. Bd3 c5
8. Be3 Qc7 9. c3 a6 10. Qd2 Be7 11. dxc5 Bxc5 12. Bf4 Qd8 13. Rd1 O-O 14. Bxh7+
Kxh7 15. Qxd8 Rxd8 16. Rxd8 Be7 17. Rd3 Nd5 18. Bd2 a5 19. O-O f6 20. Re1 Nb6
21. b3 e5 22. Bc1 Kg8 23. Nh4 Kf7 24. g3 g5 25. Ng2 Bf5 26. Rd2 a4 27. Ne3 Be6
28. b4 f5 29. Ng2 Nc4 30. Rde2 e4 31. f4 g4 32. Ne3 Nd6 33. Rd1 Nb5 34. Bb2 Rc8
35. c4 Bxc4 36. Rc2 Be6 37. Rxc8 Bxc8 38. a3 Be6 39. Nd5 Bf8 40. Nb6 Ke8 41.
Nd5 Bd6 42. Nc3 Nxc3 43. Bxc3 Bc7 44. Bd4 b5 45. Kf2 Bb3 46. Rc1 Bc4 47. Ke3
Kd7 48. Rh1 Kc6 49. h4 gxh3 50. Rxh3 Be6 51. Rh6 Kd5 52. g4 Bc8 53. g5 Be6 54.
Bc5 Bd8 55. Rh8 Bc7 56. g6 Kc4 57. g7 Kb3 58. Rc8 Bxf4+ 59. Kxf4 Kxa3 60. g8=Q
1-0

[Event "SR 3. liga A2 2005/2006"]
[Site "?"]
[Date "2005.??.??"]
[Round "?"]
[White "Vizvari, Ludovit"]
[Black "Pribila, Gerhard"]
[Result "0-1"]
[WhiteElo "1840"]
[BlackElo "1960"]
[Annotator " 24.3"]
[PlyCount "54"]
[EventDate "2005.??.??"]

1. d4 d5 2. c4 c6 3. Nf3 Nf6 4. Nc3 e6 5. e3 Nbd7 6. Bd3 dxc4 7. Bxc4 b5 8. Bd3
Bb7 9. O-O a6 10. a3 c5 11. Re1 c4 12. Bc2 Rc8 13. e4 Qc7 14. h3 Be7 15. Bg5 h6
16. Bh4 e5 17. Bg3 Bd6 18. Nd5 Bxd5 19. exd5 e4 20. Bxd6 Qxd6 21. Bxe4 O-O 22.
Qc2 Nxe4 23. Rxe4 Qxd5 24. Rae1 Qd6 25. Re7 Nf6 26. Qf5 c3 27. b4 c2 0-1

[Event "SR 3. liga A2 2005/2006"]
[Site "?"]
[Date "2005.??.??"]
[Round "?"]
[White "Vach, Jozef"]
[Black "Ivan, Imrich"]
[Result "0-1"]
[WhiteElo "1970"]
[BlackElo "1800"]
[Annotator " 24.4"]
[PlyCount "84"]
[EventDate "2005.??.??"]

1. d4 e6 2. c4 d5 3. Nc3 Nf6 4. cxd5 exd5 5. Nf3 Bb4 6. a3 Bxc3+ 7. bxc3 O-O 8.
Bg5 h6 9. Bh4 Re8 10. e3 Bg4 11. Be2 Qd6 12. O-O Nbd7 13. Re1 Ne4 14. Qc2 c6
15. Rec1 b5 16. a4 a6 17. Ne1 Bxe2 18. Qxe2 Qg6 19. f3 Nd6 20. Bf2 Nc4 21. axb5
cxb5 22. Rcb1 Ndb6 23. Nc2 Na4 24. Rb3 Rac8 25. Be1 Qe6 26. Kf2 Re7 27. Bd2
Rce8 28. Re1 f5 29. g3 g5 30. Qd3 Nab2 31. Qe2 Nxd2 32. Qxd2 Nc4 33. Qd3 Kg7
34. Rbb1 g4 35. Ra1 gxf3 36. Kxf3 Nb2 37. Qe2 Qe4+ 38. Kf2 Nd3+ 39. Kg1 Nxe1
40. Rxe1 Rc8 41. Rf1 Rxc3 42. Rf2 Rec7 0-1

[Event "SR 3. liga A2 2005/2006"]
[Site "?"]
[Date "2005.??.??"]
[Round "?"]
[White "Vegh, Vince"]
[Black "Jozefovic, Milan"]
[Result "1-0"]
[WhiteElo "1710"]
[BlackElo "1775"]
[Annotator " 24.5"]
[PlyCount "69"]
[EventDate "2005.??.??"]

1. e4 e5 2. Nf3 Nc6 3. Bb5 d6 4. h3 Bd7 5. O-O Nf6 6. Re1 Be7 7. c3 O-O 8. d4
exd4 9. cxd4 a6 10. Bd3 Nb4 11. Bc4 b5 12. Bb3 a5 13. a3 Nc6 14. e5 Ne8 15. Bd5
Rb8 16. Qc2 Na7 17. b4 c6 18. Bb3 a4 19. Ba2 d5 20. Nc3 Nc7 21. Bb1 g6 22. Bh6
Re8 23. Qd2 Ne6 24. Ne2 Nc8 25. Nh2 Ng5 26. Ng3 Bxh3 27. f4 Bxg2 28. Qxg2 Ne6
29. Nf3 Bh4 30. f5 Ng7 31. Bxg7 Bxg3 32. Bf6 Qxf6 33. exf6 Bxe1 34. fxg6 hxg6
35. Bxg6 1-0

[Event "SR 3. liga A2 2005/2006"]
[Site "?"]
[Date "2006.??.??"]
[Round "?"]
[White "Cechovic, Stefan"]
[Black "Bisco, Igor"]
[Result "1-0"]
[WhiteElo "2165"]
[BlackElo "2110"]
[Annotator " 25.1"]
[PlyCount "95"]
[EventDate "2005.??.??"]

1. e4 e5 2. Nf3 Nc6 3. c3 Nf6 4. d4 Nxe4 5. d5 Bc5 6. dxc6 Bxf2+ 7. Ke2 Bb6 8.
Qd5 Nd6 9. Qxe5+ Kf8 10. cxb7 Bxb7 11. Nbd2 f6 12. Qf4 Qe7+ 13. Kd1 g5 14. Qa4
Re8 15. Bd3 Qe3 16. Kc2 Qf2 17. Qg4 h5 18. Qg3 g4 19. Nh4 Ne4 20. Qxf2 Nxf2 21.
Rf1 Rg8 22. g3 Rg5 23. b3 Rd5 24. Ba3+ d6 25. Bc4 Ra5 26. Bb4 Rg5 27. Rae1 c5
28. Ba3 Ne4 29. Bd3 f5 30. Nxf5 Nxd2 {silna casova tiesen oboch hracov} 31.
Kxd2 Rxe1 32. Kxe1 Ke8 33. Bb5+ Kd8 34. Ne3 Re5 35. Kd2 c4 36. Nxc4 Rxb5 37.
Rf8+ Ke7 38. Bxd6+ Ke6 39. Re8+ Kf5 40. Rf8+ Ke6 41. Re8+ Kf5 42. Ne3+ Bxe3+
43. Kxe3 Bf3 44. c4 Ra5 45. a3 Ra6 46. Bc5 Re6+ 47. Rxe6 Kxe6 48. Bxa7 1-0